书目信息 |
| 书名: | Gulliver's Travels | |
| 作者: | Jonathan Swift. | |
| 分册号: | ||
| 分册名: | 出版地: |
|
| 出版社: | ||
| 出版时间: | ||
| 页数: | 285 p. ; | |
| 开本: | 20cm. | |
| 丛书名: | ||
| 中图分类号: | ||
| 科图分类号: | ||
| 其他分类号: | I561.14 | |
| 主题词: | ||
| 电子资源: | ||
| 000 | 00299nam 2200121 a 4500 | |
| 001 | E0754648142 | |
| 005 | 20070305151228.67 | |
| 008 | 070305s 00010 eng | |
| 040 | @aPFT@beng | |
| 090 | @aI561.14 | |
| 099 | @dI561.14@ex714 | |
| 245 | @aGulliver's Travels / @cJonathan Swift. | |
| 300 | @a285 p. ;@c20cm. | |
| Gulliver's Travels / / Jonathan Swift. |
| 285 p. ; ; 20cm. |
| ISBN |
| ● |
| 相关链接 |
|
|
|
|
正题名:Gulliver's Travels
索取号:I561.14/x714
 
预约/预借
| 序号 | 登录号 | 条形码 | 馆藏地/架位号 | 状态 | 备注 |
| 1 | 0000111 | 300001110 | 第四借阅区/ [索取号:I561.14/x714] | 在馆 |